00705nam a2200289Ia 4500003000400000005001700004008004000021020001800061040000700079041000800086082001300094100001900107245009000126250000600216260006500222300001100287650001000298650001300308650001600321650000900337650001100346650001800357650001700375650000700392650001000399650000600409OSt20250609145652.0210210b2019 xxu||||| |||| 00| 0 eng d a9789352607785 cAL aeng a910 HUSI aHUSAIN (Majid) aIndian and world geography: for civil services preliminary and main examinations Ed 4 a4 aChennaibMcGraw Hill Education (India) Private Limitedc2019 axv,553 aworld aservices apreliminary amain aIndian ageography:for aexaminations aEd acivil a4